000 00263nam a22001097a 4500
008 170116b xxu||||| |||| 00| 0 eng d
020 _a0721661009
041 _aeng
080 _26TH
_a618.2
245 _aTEXTBOOK OF PEDIATRIC NURSING
_cMARLOW, D.R
942 _2udc
_cBK
999 _c2929
_d2929